Starting Quarterbacks 2016-17 - Statistics

General Stats
  • This quiz has been taken 17 times
  • The average score is 29 of 32
Answer Stats
NFL Team Quarterback Experience % Correct
Green Bay Packers Aaron Rodgers Legend
100%
Kansas City Chiefs Alex Smith Veteran
100%
Indianapolis Colts Andrew Luck Junior
100%
Cincinnati Bengals Andy Dalton Senior
100%
Pittsburgh Steelers Ben Roethlisberger Legend
100%
Carolina Panthers Cam Newton Senior
100%
Arizona Cardinals Carson Palmer Legend
100%
Dallas Cowboys Dak Prescott Rookie
100%
Oakland Raiders Derek Carr Junior
100%
Tampa Bay Bucaneers Jameis Winston Junior
100%
Chicago Bears Jay Cutler Veteran
100%
Detroit Lions Matthew Stafford Senior
100%
Atlanta Falcons Matt Ryan Veteran
100%
San Diego Chargers Phillip Rivers Legend
100%
Cleveland Browns Robert Griffin III Junior
100%
Seattle Seahawks Russell Wilson Junior
100%
Miami Dolphins Ryan Tannehill Junior
100%
Jacksonville Jaguars Blake Bortles Junior
93%
Philadelphia Eagles Carson Wentz Rookie
93%
New Orleans Saints Drew Brees Legend
93%
New York Giants Eli Manning Legend
93%
Baltimore Ravens Joe Flacco Veteran
93%
Washington Redskins Kirk Cousins Junior
93%
Tennessee Titans Marcus Mariota Junior
93%
New York Jets Ryan Fitzpatrick Veteran
93%
Buffalo Bills Tyrod Taylor Senior
93%
San Francisco 49ers Blaine Gabbert Senior
71%
Houston Texans Brock Osweiler Junior
71%
New England Patriots Jimmy Garoppolo Junior
71%
Minnesota Vikings Shaun Hill Veteran
64%
Denver Broncos Trevor Siemian Rookie
57%
Los Angeles Rams Case Keenum Junior
43%
No matching quizzes found
Score Distribution
Percent of People with Each Score
Percentile by Number Answered
Your Score History
You have not taken this quiz